Retórica y poética o literatura preceptiva / (Record no. 41991)

MARC details
000 -LEADER
campo de control de longitud fija 00489nam a2200145 i 4500
001 - NÚMERO DE CONTROL
campo de control 41991
003 - IDENTIFICADOR DE NÚMERO DE CONTROL
campo de control ES-MaACL
007 - CAMPO FIJO DE DESCRIPCIÓN FÍSICA--INFORMACIÓN GENERAL
campo de control de longitud fija t|
008 - DATOS DE LONGITUD FIJA--INFORMACIÓN GENERAL
campo de control de longitud fija 030312q1880 sp ||||1| spa d
100 1# - ENTRADA PRINCIPAL--NOMBRE DE PERSONA
Nombre de persona Casas y Gómez de Andino, Hipólito.
9 (RLIN) 36239
245 10 - MENCIÓN DEL TÍTULO
Título Retórica y poética o literatura preceptiva /
Mención de responsabilidad, etc. por Hipólito Casas y Gómez de Andino.
260 ## - PUBLICACIÓN, DISTRIBUCIÓN, ETC.
Lugar de publicación, distribución, etc. Madrid :
Nombre del editor, distribuidor, etc. [s.n.,
Fecha de publicación, distribución, etc. 1880?] (
Lugar de fabricación/manufactura Valladolid :
Fabricante Estero galvanoplastia de Gaviria)
300 ## - DESCRIPCIÓN FÍSICA
Extensión 279 p. ;
Dimensiones 19 cm.
852 ## - LOCALIZACIÓN
Ubicación ES-MaACL
Número de control de estantería B-2596
Holdings
Estatus retirado Estado de pérdida Estado de daño No para préstamo Colección Biblioteca de origen Biblioteca actual Ubicación en estantería Fecha de adquisición Fuente de adquisición Total de préstamos Signatura topográfica completa Código de barras Visto por última vez Precio de reemplazo Tipo de ítem Koha
        Libros del s. XIX Biblioteca del Ateneo de Madrid Biblioteca del Ateneo de Madrid Sala Pardo Bazán 17/01/2008     B-2596 1044202 23/02/2023 23/02/2023 Libro impreso antiguo